Hidden Clue Vocabulary #3 - Statistics

General Stats
  • This quiz has been taken 2,343 times
  • The average score is 18 of 30
Answer Stats
Hint # Answer % Correct
Jazz or Classical, eg. 5 Mus{ic}
98%
Journal 5 Dia{ry}
97%
Happen; take place 5 Occ{ur}
96%
Cease-fire 5 Tru{ce}
94%
Baby's nappy 6 Dia{per}
92%
Inhabit; reside in 6 Occ{upy}
84%
Public meeting 5 For{um}
77%
Regional speech 7 Dia{lect}
74%
Written defamation 5 Lib{el}
74%
To graze for food 6 For{age}
69%
Brass instrument 7 Tru{mpet}
69%
Freedom 7 Lib{erty}
68%
School absentee 6 Tru{ant}
67%
On a slant 8 Dia{gonal}
65%
Sexual desire 6 Lib{ido}
64%
Doctor's verdict 9 Dia{gnosis}
63%
Infant's drink 7 For{mula}
63%
Castle; citadel 8 For{tress}
57%
Cotton fabric 6 Mus{lin}
51%
Xenophobe's fear 9 For{eigner}
50%
To cut short 8 Tru{ncate}
45%
Small, hardy horse 7 Mus{tang}
36%
The West 8 Occ{ident}
30%
Book custodian 9 Lib{rarian}
28%
Chanterelle, eg. 8 Mus{hroom}
27%
One of Dumas' trio 9 Mus{keteer}
26%
Text of an opera 8 Lib{retto}
25%
To block off 7 Occ{lude}
25%
Police baton 9 Tru{ncheon}
23%
Supernatural practices 9 Occ{ultism}
14%
No matching quizzes found
Score Distribution
Percent of People with Each Score
Percentile by Number Answered
Your Score History
You have not taken this quiz